000
00223nam a2200085Ia 4500
008
120527s9999 xx 000 0 und d
100
_a
Santrock, W.John
245
_a
Psychology: the science of mind and behaviour
942
_c
BK
999
_c
27417
_d
27417